| 000 | 00666nam a2200277Ia 4500 | ||
|---|---|---|---|
| 001 | Z_3196 | ||
| 003 | CHAP | ||
| 008 | 220113s1980 xx 000 0 und d | ||
| 010 | _a166304 | ||
| 040 | _cCHAP | ||
| 082 | _a636.4 S23y | ||
| 100 |
_aScarborough, C C _9102867 |
||
| 245 |
_aCría del ganado porcino / _cpor C C Scarborough |
||
| 260 |
_aMéxico, D. F. : _bLimusa, _c1980 |
||
| 300 | _a317 p. ; ilus. | ||
| 440 | _a | ||
| 500 | _aTrad. De : Southern hog growing | ||
| 503 | _a | ||
| 650 |
_aGanado porcino _945328 |
||
| 901 | _a636.4 S23y | ||
| 902 | _aA | ||
| 910 | _a1980 | ||
| 942 | _c1 | ||
| 942 | _cc1 | ||
| 999 |
_c166304 _d166304 |
||